Normal view
MARC view
Entry Personal Name
001 - CONTROL NUMBER
- control field: 820260
003 - CONTROL NUMBER IDENTIFIER
- control field: OSt
005 - DATE AND TIME OF LATEST TRANSACTION
- control field: 20250908124055.0
008 - FIXED-LENGTH DATA ELEMENTS
- fixed length control field: 250908|| aca||aabn | a|a d
040 ## - CATALOGING SOURCE
- Original cataloging agency: OSt
- Transcribing agency: OSt
100 ## - HEADING--PERSONAL NAME
- Personal name: शर्मा, पद्मसिंह
670 ## - SOURCE DATA FOUND
- Source citation: Work cat.: (OSt)356884: शर्मा, पद्मसिंह, हिन्दी गद्य विकास और परम्परा, 1955
